• 首页
  • 本馆介绍
  • 公告通知
  • 最新文献
  • 馆藏检索
  • 电子资源
  • 读者导购
  • 参考咨询
  • 我的图书馆
  • 登录
  • 详细信息显示
  • 放入我的书架
  • 预约/预借图书
  • 作者相关作品
  • 分类相关作品
  • 丛书相关作品
  • 出版社相关作品

书目信息

  • 表格格式
  • 工作单格式
  • 卡片格式
题名:
有限元法基础
    
 
作者: 李人宪 编著
分册:  
出版信息: 北京   国防工业出版社  2004
页数: 239页
开本: 20cm
丛书名:
单 册:
中图分类: O241.82
科图分类:
主题词: 有限元法--高等学校--教材 , 有限元法
电子资源:
ISBN: 7-118-03562-9
000 00860nam0 2200253 450
001 002868773
005 20061106162319.92
010    @a7-118-03562-9@dCNY12.00
100    @a20050221d2004 em y0chiy0110 ea
101 0  @achi
102    @aCN@b110000
105    @ay z 000yy
200 1  @a有限元法基础@9you xian yuan fa ji chu@f李人宪编著
205    @a2版
210    @a北京@c国防工业出版社@d2004
215    @a239页@d20cm
300    @a高等院校理工科教材
330    @a本着难点分散的原则,通过不同的问题,逐步引入推导有限元方程的直接刚度法、能量原理、变分原理和加权余量法的计算过程,使读者在求解具体问题的过程中了解和掌握一些相对较复杂的数学、力学原理。
606 0  @a有限元法@x高等学校@j教材
606 0  @a有限元法
690    @aO241.82@v4
701  0 @a李人宪@9li ren xian@c(高等数学)@4编著
801  0 @aCN@bNLC@c20061106
905    @a10447@dO241.82@e100=2
    
    有限元法基础/李人宪编著.-2版.-北京:国防工业出版社,2004
    239页;20cm
    高等院校理工科教材
    
    ISBN 7-118-03562-9:CNY12.00
    本着难点分散的原则,通过不同的问题,逐步引入推导有限元方程的直接刚度法、能量原理、变分原理和加权余量法的计算过程,使读者在求解具体问题的过程中了解和掌握一些相对较复杂的数学、力学原理。
●
相关链接 在E读中查询图书 在五车中查询图书 在当当中查询图书 在豆瓣中查询图书


正题名:有限元法基础     索取号:O241.82/100=2         预约/预借

序号 登录号 条形码 馆藏地/架位号 状态 备注
1 0381994   203819948   第二样本阅览室/ [索取号:O241.82/100=2] 在馆    
2 0381995   203819957   第三借阅区/ [索取号:O241.82/100=2] 在馆    
3 0381996   203819966   第三借阅区/ [索取号:O241.82/100=2] 在馆    
4 0381997   203819975   第三借阅区/ [索取号:O241.82/100=2] 在馆    
欢迎您!
大连网信软件有限公司© 版权所有